000 00461nam a2200181Ia 4500
008 170918s9999 xx 000 0 und d
020 _a439372941
050 _bB192ch 2004
100 _aBalliett, Blue
245 _aChasing vermeer /
245 _cby Blue Balliett ; illustrated by Brett Helquist.
250 _aFirst edition
260 _aNew York :
260 _bScholastic,
260 _c2004
300 _a254 pages :
300 _billustrations ;
999 _c344018
_d344018